Financial management for water utilities (Record no. 88755)
[ view plain ]
| 000 -LEADER | |
|---|---|
| fixed length control field | 01667nam a2200373 a 4500 |
| 082 04 - DEWEY DECIMAL CLASSIFICATION NUMBER | |
| Classification number | 363.6/10681 |
| 245 00 - TITLE STATEMENT | |
| Title | Financial management for water utilities |
| 260 ## - PUBLICATION, DISTRIBUTION, ETC. (IMPRINT) | |
| Place of publication | Denver, Colo. : |
| Name of publisher | American Water Works Association, |
| Year of publication | c2012. |
| 300 ## - PHYSICAL DESCRIPTION | |
| Number of Pages | xviii, 302 p. : |
| Other physical details | ill. |
| 500 ## - GENERAL NOTE | |
| General note | Includes index. |
| 505 0# - FORMATTED CONTENTS NOTE | |
| Formatted contents note | pt. 1. Water utility financial management overview -- pt. 2. Financial accounting overview -- pt. 3. Financial reports -- pt. 4. Accounting cycle implementation and management -- pt. 5. Financial management functions. |
| 650 #0 - SUBJECT ADDED ENTRY--TOPICAL TERM | |
| Topical Term | Water-supply |
| Topical Term | Water utilities |
| Topical Term | Water utilities |
| 700 1# - ADDED ENTRY--PERSONAL NAME | |
| Personal name | Bui, Ann T. |
| 856 40 - ELECTRONIC LOCATION AND ACCESS | |
| Uniform Resource Identifier | http://site.ebrary.com/lib/rucke/Doc?id=10558824 |
No items available.
